000 00670nam a2200217 a 4500
005 20251111063903.0
008 991125s1996 mx 000 0 spa u
020 _a9684442378
035 _aUPN01000012110
049 _aCG
050 4 _aPN1701
_bC73
245 0 0 _aCreatividad teatral /
_cRosa Pereta Salvía... [et al.] ; colab. Francisco Antón García
260 _aMéxico :
_bAlhambra Mexicana,
_c1996
300 _a159 p. :
_bil
440 0 _aNueva breda;
_v6
650 2 _aCreación (literaria, artística, etc.)
_95738
650 4 _aTeatro
_xEstudio y enseñanza
_917549
700 2 _aPereta Salvía, Rosa,
_ecoaut.
904 _aAC
_b012111
905 _aLibro
999 _c12110
_d12110